| 000 -LEADER |
| fixed length control field |
00724cam a22001937a 4500 |
| 020 ## - INTERNATIONAL STANDARD BOOK NUMBER |
| ISBN |
9789251069738 |
| 020 ## - INTERNATIONAL STANDARD BOOK NUMBER |
| ISBN |
9251069735 |
| 040 ## - CATALOGING SOURCE |
| Transcribing agency |
AU@ |
| 082 04 - DEWEY DECIMAL CLASSIFICATION NUMBER |
| Classification number |
333 COM 2011 A079 Or. |
| 245 00 - TITLE STATEMENT |
| Title |
Surveying and monitoring of animal genetic resources. |
| 260 ## - PUBLICATION, DISTRIBUTION, ETC. (IMPRINT) |
| Place of publication |
Rome : |
| Name of publisher |
Commission on Genetic Resources for Food and Agriculture, Food and Agriculture Organization of the United Nations, |
| Year of publication |
2011. |
| 300 ## - PHYSICAL DESCRIPTION |
| Number of Pages |
ix,144 p. : |
| Other physical details |
ill. ; |
| Dimensions |
25 cm. |
| 490 1# - SERIES STATEMENT |
| Series statement |
FAO animal production and health guidelines, |
| 650 #0 - SUBJECT ADDED ENTRY--TOPICAL TERM |
| Topical Term |
Germplasm resources, Animal. |
| 650 #0 - SUBJECT ADDED ENTRY--TOPICAL TERM |
| Topical Term |
Surveying. |
| 710 2# - ADDED ENTRY--CORPORATE NAME |
| Corporate name or jurisdiction name as entry element |
Commission on Genetic Resources for Food and Agriculture. |
| 856 41 - ELECTRONIC LOCATION AND ACCESS |
| Uniform Resource Identifier |
http://www.fao.org/docrep/014/ba0055e/ba0055e00.pdf |
| 942 ## - ADDED ENTRY ELEMENTS (KOHA) |
| Koha item type |
សៀវភៅភាសាអង់គ្លេស |
| 952 ## - LOCATION AND ITEM INFORMATION (KOHA) |
| Withdrawn status [LOCAL, KOHA] |
0 |